The Vision And The Way Of Vasistha (Record no. 8091)
[ view plain ]
| 000 -LEADER | |
|---|---|
| fixed length control field | 00289nam a2200121Ia 4500 |
| 008 - FIXED-LENGTH DATA ELEMENTS--GENERAL INFORMATION | |
| fixed length control field | 211105s9999 xx 000 0 und d |
| 020 ## - INTERNATIONAL STANDARD BOOK NUMBER | |
| International Standard Book Number | VYASA14916 |
| 100 ## - MAIN ENTRY--PERSONAL NAME | |
| Personal name | Atreya B. L. |
| 245 #4 - TITLE STATEMENT | |
| Title | The Vision And The Way Of Vasistha |
| 250 ## - EDITION STATEMENT | |
| Edition statement | 2nd |
| 260 ## - PUBLICATION, DISTRIBUTION, ETC. | |
| Name of publisher, distributor, etc. | Samanta Books |
| Date of publication, distribution, etc. | \N |
| 300 ## - PHYSICAL DESCRIPTION | |
| Extent | 586p. |
| Withdrawn status | Lost status | Source of classification or shelving scheme | Damaged status | Not for loan | Collection code | Home library | Current library | Shelving location | Date acquired | Coded location qualifier | Total Checkouts | Barcode | Date last seen | Date last checked out | Price effective from | Koha item type | Cost, normal purchase price |
|---|---|---|---|---|---|---|---|---|---|---|---|---|---|---|---|---|---|
| Dewey Decimal Classification | Division of Yoga and Physical Science | SVYASA | SVYASA | R3.7A | 09/11/2007 | 3.1A | 2 | 10943 | 10/29/2025 | 10/08/2025 | 11/09/2021 | Books | |||||
| SVYASA | SVYASA | 12/04/2015 | 3.1A | 17739 | 11/09/2021 | 11/09/2021 | Books | 300.00 |